Determinación de las propiedades termodinámicas de la mezcla octano-agua
Gespeichert in:
| 1. Verfasser: | |
|---|---|
| Format: | Buch |
| Veröffentlicht: |
San José, C.R.
1999
|
| Schlagworte: | |
| Tags: |
Tag hinzufügen
Keine Tags, Fügen Sie den ersten Tag hinzu!
|
MARC
| LEADER | 00000nam a2200000Ia 4500 | ||
|---|---|---|---|
| 001 | 4060 | ||
| 003 | 008777 | ||
| 005 | 20221231144213.0 | ||
| 008 | 140114s1999 cr a m 000 ||s d | ||
| 040 | |c cru CEDI | ||
| 100 | |a Vidaurre Fallas, German |9 8477 | ||
| 245 | |a Determinación de las propiedades termodinámicas de la mezcla octano-agua | ||
| 260 | |c 1999 |a San José, C.R. | ||
| 300 | |a xi, 104 hojas | ||
| 500 | |a Proyecto de graduación (licenciatura en ingeniería química)--Universidad de Costa Rica. Facultad de Ingeniería. Escuela de Ingeniería Química | ||
| 650 | |x CALDERAS DE VAPOR |x PRESION |x CONTROL DE PROCESOS QUIMICOS |9 8481 | ||
| 942 | |c TFG |2 ddc | ||
| 999 | |c 18409 |d 18409 | ||
